[Event "Titled Tuesday intern op 14th Nov Early"]
[Site "Chess.com INT"]
[Date "2023.11.14"]
[Round "9"]
[White "Ghosh, Chanchal Kumer"]
[Black "Sharafiev, Azat"]
[Result "0-1"]
[WhiteElo "2026"]
[BlackElo "2427"]
[PlyCount "66"]
[EventDate "2023.11.14"]
[EventType "swiss (blitz)"]
[EventRounds "11"]
[EventCountry "USA"]
[SourceTitle "CB47_2023"]
[SourceDate "2023.11.22"]
[SourceVersion "1"]
[SourceVersionDate "2023.11.22"]
[SourceQuality "1"]

1. e4 c5 2. Nf3 d6 3. d4 cxd4 4. Nxd4 Nf6 5. Nc3 a6 6. Be2 e5 7. Nb3 Be6 8. Be3 Be7 9. g4 Nc6 10. g5 Nd7 11. Rg1 b5 12. Qd2 Qc7 13. 0-0-0 0-0-0 14. Bxb5 axb5 15. Nxb5 Qb8 16. Qc3 Qxb5 17. Rd5 Bxd5 18. exd5 Ndb8 19. Rd1 Rd7 20. dxc6 Rc7 21. Rd3 Nxc6 22. Qd2 Nb4 23. Rc3 Nxa2+ 24. Kb1 Nxc3+ 25. bxc3 Kd7 26. Kc1 Rhc8 27. Qd1 Rxc3 28. Qg4+ Kd8 29. Na1 Qc6 30. Qf5 Qa4 31. Bb6+ Ke8 32. Kd2 Qxa1 33. Qxh7 Rxc2+ 0-1

[Event "Titled Tuesday intern op 14th Nov Early"]
[Site "Chess.com INT"]
[Date "2023.11.14"]
[Round "8"]
[White "Sharafiev, Azat"]
[Black "Kleiman, Jake"]
[Result "1-0"]
[WhiteElo "2427"]
[BlackElo "2399"]
[PlyCount "55"]
[EventDate "2023.11.14"]
[EventType "swiss (blitz)"]
[EventRounds "11"]
[EventCountry "USA"]
[SourceTitle "CB47_2023"]
[SourceDate "2023.11.22"]
[SourceVersion "1"]
[SourceVersionDate "2023.11.22"]
[SourceQuality "1"]

1. e4 d6 2. d4 Nf6 3. Nc3 Nbd7 4. f4 e5 5. dxe5 dxe5 6. f5 Bc5 7. Nf3 c6 8. Bg5 Qb6 9. Na4 Qb4+ 10. c3 Qxe4+ 11. Be2 Be3 12. Bd3 Qg4 13. Bxe3 e4 14. Bc2 Qxg2 15. Rg1 Qxf3 16. Qxf3 exf3 17. Rxg7 Ne5 18. Bd4 Nfd7 19. 0-0-0 Kf8 20. Rg3 b6 21. c4 c5 22. Bxe5 Nxe5 23. Be4 Rb8 24. Rd8+ Ke7 25. Rxh8 Nxc4 26. Bxf3 Nd6 27. Nc3 Bxf5 28. Rxb8 1-0

[Event "Titled Tuesday intern op 14th Nov Early"]
[Site "Chess.com INT"]
[Date "2023.11.14"]
[Round "3"]
[White "Verbin, Valentina"]
[Black "Sharafiev, Azat"]
[Result "1-0"]
[WhiteElo "2069"]
[BlackElo "2427"]
[PlyCount "85"]
[EventDate "2023.11.14"]
[EventType "swiss (blitz)"]
[EventRounds "11"]
[EventCountry "USA"]
[SourceTitle "CB47_2023"]
[SourceDate "2023.11.22"]
[SourceVersion "1"]
[SourceVersionDate "2023.11.22"]
[SourceQuality "1"]

1. c4 e5 2. Nc3 Bb4 3. Nf3 Nc6 4. Nd5 Be7 5. d3 Nf6 6. Nxe7 Qxe7 7. e3 0-0 8. Be2 d5 9. cxd5 Nxd5 10. 0-0 Bg4 11. a3 Rfd8 12. Qc2 f5 13. h3 Bh5 14. b4 a6 15. Bb2 Bf7 16. Qc5 Qxc5 17. bxc5 Re8 18. Rab1 Rab8 19. Ng5 Bg6 20. d4 exd4 21. Bc4 Rbd8 22. Bxd4 h6 23. Rxb7 hxg5 24. Rxc7 Nxd4 25. exd4 Bf7 26. Ra7 Re7 27. Rxa6 Nf4 28. Bxf7+ Kxf7 29. c6 Rxd4 30. Rb1 Rc4 31. Rb7 Ne6 32. Raa7 Rxc6 33. Rxe7+ Kf6 34. Rf7+ Ke5 35. Ra5+ Ke4 36. Rfxf5 Nd4 37. Rfe5+ Kd3 38. Rxg5 Ne2+ 39. Kh2 Nf4 40. Rxg7 Ne6 41. Rg3+ Ke2 42. Re5+ Kxf2 43. Rf3# 1-0

[Event "Titled Tuesday intern op 07th Feb Early"]
[Site "Chess.com INT"]
[Date "2023.02.07"]
[Round "4"]
[White "Sharafiev, Azat"]
[Black "Antonio, Jorge Carlos"]
[Result "0-1"]
[WhiteElo "2427"]
[BlackElo "2277"]
[PlyCount "48"]
[EventDate "2023.02.07"]
[EventType "swiss (blitz)"]
[EventRounds "11"]
[EventCountry "USA"]
[SourceTitle "EXT 2024"]
[Source "ChessBase"]
[SourceDate "2023.10.10"]
[SourceVersion "1"]
[SourceVersionDate "2023.10.10"]
[SourceQuality "1"]

1. e4 c5 2. Nf3 e6 3. d4 cxd4 4. Nxd4 a6 5. Be3 Nf6 6. Bd3 Nc6 7. 0-0 Ne5 8. Be2 Nxe4 9. Nd2 Nxd2 10. Qxd2 Be7 11. f4 Nc6 12. f5 e5 13. Nf3 d5 14. Bg5 f6 15. Bh4 Bxf5 16. Nxe5 fxe5 17. Bxe7 Nxe7 18. Qg5 0-0 19. g4 Bxc2 20. Qxe5 Qb6+ 21. Kg2 Be4+ 22. Bf3 Ng6 23. Qg3 Qxb2+ 24. Kg1 Bxf3 0-1

[Event "Titled Tuesday intern op 07th Feb Early"]
[Site "Chess.com INT"]
[Date "2023.02.07"]
[Round "8"]
[White "Silvestre, Christian"]
[Black "Sharafiev, Azat"]
[Result "0-1"]
[WhiteElo "1942"]
[BlackElo "2427"]
[PlyCount "126"]
[EventDate "2023.02.07"]
[EventType "swiss (blitz)"]
[EventRounds "11"]
[EventCountry "USA"]
[SourceTitle "EXT 2024"]
[Source "ChessBase"]
[SourceDate "2023.10.10"]
[SourceVersion "1"]
[SourceVersionDate "2023.10.10"]
[SourceQuality "1"]

1. e4 c5 2. Nf3 d6 3. Bb5+ Bd7 4. a4 Nc6 5. 0-0 Nf6 6. Re1 e5 7. c3 Be7 8. d4 cxd4 9. cxd4 Nxd4 10. Nxd4 exd4 11. Qxd4 0-0 12. Nc3 a6 13. Bc4 Rc8 14. Ba2 Be6 15. Bf4 Bxa2 16. Rxa2 Qc7 17. Raa1 Qc4 18. Rad1 Rfd8 19. h3 h6 20. Rd3 b5 21. axb5 axb5 22. f3 d5 23. Qxc4 bxc4 24. Rxd5 Nxd5 25. Nxd5 Bc5+ 26. Kf1 Rd7 27. Be5 f6 28. Bc3 Kf7 29. Ra1 Ra7 30. Rc1 Ra2 31. g3 Rca8 32. Rc2 Ra1+ 33. Ke2 Rh1 34. Rd2 Rxh3 35. f4 Rxg3 36. e5 fxe5 37. fxe5 Rg2+ 38. Kf3 Rxd2 39. Bxd2 Rd8 40. Ke4 h5 41. Bg5 Rb8 42. Nf4 Rxb2 43. e6+ Ke8 44. Nxh5 Re2+ 45. Kd5 c3 46. Kxc5 c2 47. Nxg7+ Kf8 48. e7+ Kxg7 49. Kd6 Kf7 50. Kd7 c1Q 51. Bxc1 Rxe7+ 52. Kd6 Re6+ 53. Kc5 Rg6 54. Ba3 Ke6 55. Kb4 Rg2 56. Kb3 Kd5 57. Bb4 Rg3+ 58. Bc3 Kc5 59. Kc2 Kc4 60. Bd2 Rg2 61. Kd1 Kd3 62. Ba5 Rg1+ 63. Be1 Rh1 0-1

[Event "Titled Tuesday intern op 19th Apr Early"]
[Site "Chess.com INT"]
[Date "2022.04.19"]
[Round "8"]
[White "Palachev, Petr"]
[Black "Sharafiev, Azat"]
[Result "1-0"]
[WhiteElo "2317"]
[BlackElo "2432"]
[PlyCount "71"]
[EventDate "2022.04.19"]
[EventType "swiss (blitz)"]
[EventRounds "11"]
[EventCountry "USA"]
[SourceTitle "EXT 2023"]
[Source "ChessBase"]
[SourceDate "2022.10.05"]
[SourceVersion "1"]
[SourceVersionDate "2022.10.05"]
[SourceQuality "1"]

1. d4 Nf6 2. Nf3 d5 3. Bf4 Bf5 4. e3 c6 5. c4 Qb6 6. Qc1 Nbd7 7. Nc3 e6 8. c5 Qd8 9. b4 Be7 10. h3 0-0 11. Be2 Ne4 12. 0-0 Nxc3 13. Qxc3 Bf6 14. Bd6 Re8 15. Ne5 Be7 16. b5 Bxd6 17. cxd6 Nb6 18. bxc6 bxc6 19. Qb4 a5 20. Qc5 Rc8 21. Ba6 Nd7 22. Nxd7 Qxd7 23. Bxc8 Rxc8 24. Rfc1 a4 25. a3 g5 26. Ra2 h5 27. Rb2 g4 28. h4 Kg7 29. Rb6 Qd8 30. Rxc6 Rb8 31. Rc8 Rxc8 32. Qxc8 Qxd6 33. Qc5 Qa6 34. Qe7 Qe2 35. Qg5+ Bg6 36. Qe5+ 1-0

[Event "Titled Tuesday intern op 19th Apr Early"]
[Site "Chess.com INT"]
[Date "2022.04.19"]
[Round "4"]
[White "Sharafiev, Azat"]
[Black "Swicarz, Maciej"]
[Result "1-0"]
[WhiteElo "2432"]
[BlackElo "2335"]
[PlyCount "97"]
[EventDate "2022.04.19"]
[EventType "swiss (blitz)"]
[EventRounds "11"]
[EventCountry "USA"]
[SourceTitle "EXT 2023"]
[Source "ChessBase"]
[SourceDate "2022.10.05"]
[SourceVersion "1"]
[SourceVersionDate "2022.10.05"]
[SourceQuality "1"]

1. d4 Nf6 2. Nf3 e6 3. Bg5 c5 4. Nc3 cxd4 5. Nxd4 d5 6. e4 dxe4 7. Nxe4 Be7 8. Nxf6+ Bxf6 9. Bxf6 Qxf6 10. c3 0-0 11. Be2 e5 12. Nb5 Rd8 13. Qa4 Bd7 14. Qa3 Qb6 15. Rd1 Na6 16. Rd6 Bc6 17. 0-0 Rxd6 18. Qxd6 Qc5 19. Qxc5 Nxc5 20. Rd1 Kf8 21. f3 Ke7 22. Kf2 a6 23. Na3 b5 24. b4 Na4 25. c4 Nc3 26. Rd2 Nxe2 27. Rxe2 f6 28. c5 Rd8 29. Ke3 Ke6 30. Rd2 Rxd2 31. Kxd2 Kd5 32. Kc3 e4 33. Nc2 exf3 34. gxf3 Ke5 35. Nd4 Bd5 36. Kd3 g6 37. Ke3 Bxa2 38. Nc6+ Kd5 39. Nb8 a5 40. c6 Kd6 41. bxa5 Kc7 42. Nd7 Kxc6 43. Nxf6 b4 44. Kd4 b3 45. Kc3 h5 46. Ng8 Kb5 47. Ne7 Bb1 48. a6 Kxa6 49. Kxb3 1-0

[Event "Titled Tuesday intern op 22 Mar Late"]
[Site "Chess.com INT"]
[Date "2022.03.22"]
[Round "7"]
[White "Mikhalsky, Vladimir"]
[Black "Sharafiev, Azat"]
[Result "1-0"]
[WhiteElo "2269"]
[BlackElo "2432"]
[PlyCount "73"]
[EventDate "2022.03.22"]
[EventType "swiss (blitz)"]
[EventRounds "11"]
[EventCountry "USA"]
[SourceTitle "CBM 207 Extra"]
[Source "ChessBase"]
[SourceDate "2022.05.31"]
[SourceVersion "1"]
[SourceVersionDate "2022.05.31"]
[SourceQuality "1"]

1. e4 c5 2. Nf3 e6 3. b3 b6 4. Bb2 Bb7 5. Nc3 d5 6. exd5 exd5 7. d4 Nf6 8. Bb5+ Nbd7 9. 0-0 Be7 10. dxc5 bxc5 11. Ne5 d4 12. Na4 a6 13. Bc6 Qc7 14. Bxb7 Qxb7 15. Nxd7 Nxd7 16. Re1 Nb6 17. Nxc5 Qd5 18. Qxd4 Qxd4 19. Bxd4 f6 20. Ne6 Nd5 21. Nxg7+ Kf7 22. Nf5 Bb4 23. Re4 Rhd8 24. g3 Nc3 25. Rg4 Ne2+ 26. Kf1 Nxd4 27. Nxd4 Bc3 28. Rd1 Rd5 29. Rd3 Ba1 30. Ne2 Ra5 31. a4 Rc8 32. c4 Re5 33. Re3 Rf5 34. Kg2 Rd8 35. Rf4 Rg5 36. Nc3 Rd2 37. Ne4 1-0

[Event "Titled Tuesday intern op 22 Mar Late"]
[Site "Chess.com INT"]
[Date "2022.03.22"]
[Round "2"]
[White "Sharafiev, Azat"]
[Black "Urazayev, Arystanbek"]
[Result "1/2-1/2"]
[WhiteElo "2432"]
[BlackElo "2438"]
[PlyCount "128"]
[EventDate "2022.03.22"]
[EventType "swiss (blitz)"]
[EventRounds "11"]
[EventCountry "USA"]
[SourceTitle "CBM 207 Extra"]
[Source "ChessBase"]
[SourceDate "2022.05.31"]
[SourceVersion "1"]
[SourceVersionDate "2022.05.31"]
[SourceQuality "1"]

1. d4 d5 2. c4 e6 3. Nc3 a6 4. cxd5 exd5 5. Nf3 c6 6. Bg5 Be7 7. Bxe7 Nxe7 8. e3 0-0 9. Be2 Bf5 10. 0-0 Nd7 11. b4 Nc8 12. a4 Nf6 13. b5 cxb5 14. axb5 a5 15. Ne5 Nd6 16. Qb3 Nde4 17. Rfc1 Nxc3 18. Qxc3 Rc8 19. Qd2 Rxc1+ 20. Qxc1 Qb6 21. Qc5 Qe6 22. b6 Ne4 23. Qxa5 f6 24. Nd3 Rc8 25. Nf4 Qd6 26. Qxd5+ Qxd5 27. Nxd5 Kf7 28. Nc7 Nd6 29. Bf3 Rb8 30. h4 g5 31. hxg5 fxg5 32. Ra5 g4 33. Bd5+ Kf6 34. f3 gxf3 35. gxf3 Nc8 36. Rb5 Bd7 37. Rb2 Ne7 38. Be4 h5 39. Rh2 Rh8 40. Bxb7 Rb8 41. Be4 Rxb6 42. Rxh5 Rb3 43. Kf2 Rb2+ 44. Kg3 Ba4 45. Nd5+ Nxd5 46. Rxd5 Bd1 47. Kf4 Rh2 48. Rd6+ Ke7 49. Rb6 Rh4+ 50. Kg5 Rh1 51. Kf4 Rh4+ 52. Kg3 Rh1 53. f4 Re1 54. f5 Rxe3+ 55. Kf4 Re1 56. Rb1 Rxe4+ 57. Kxe4 Bc2+ 58. Ke5 Bxb1 59. f6+ Kf7 60. d5 Ba2 61. d6 Be6 62. d7 Bxd7 63. Kd6 Be6 64. Kc7 Kxf6 1/2-1/2

[Event "Titled Tuesday intern op 15 Mar Late"]
[Site "Chess.com INT"]
[Date "2022.03.15"]
[Round "1"]
[White "Sharafiev, Azat"]
[Black "Rosenberg, Evan"]
[Result "0-1"]
[WhiteElo "2432"]
[BlackElo "2035"]
[PlyCount "60"]
[EventDate "2022.03.15"]
[EventType "swiss (blitz)"]
[EventRounds "11"]
[EventCountry "USA"]
[SourceTitle "CBM 207 Extra"]
[Source "ChessBase"]
[SourceDate "2022.05.31"]
[SourceVersion "1"]
[SourceVersionDate "2022.05.31"]
[SourceQuality "1"]

1. d4 Nf6 2. Nf3 e6 3. Bg5 h6 4. Bh4 d6 5. Nbd2 Be7 6. e4 Nbd7 7. Bd3 b6 8. Qe2 a6 9. c4 Bb7 10. d5 e5 11. 0-0 Nxd5 12. cxd5 Bxh4 13. b4 Bg5 14. Nc4 0-0 15. a4 f5 16. exf5 Bxd5 17. Be4 Nf6 18. Bxd5+ Nxd5 19. Rad1 Nc3 20. Qc2 Nxd1 21. Rxd1 Qf6 22. Nxg5 Qxg5 23. Ne3 Rf7 24. b5 axb5 25. axb5 Qf4 26. Nd5 Qa4 27. Qb1 Qa2 28. Qe4 Ra4 29. Qd3 Rd4 30. Qf1 Qxd5 0-1

[Event "Titled Tuesday intern op 22nd Feb Late"]
[Site "Chess.com INT"]
[Date "2022.02.22"]
[Round "4"]
[White "Ankerst, Mihael"]
[Black "Sharafiev, Azat"]
[Result "0-1"]
[WhiteElo "2370"]
[BlackElo "2432"]
[PlyCount "78"]
[EventDate "2022.02.22"]
[EventType "swiss (blitz)"]
[EventRounds "11"]
[EventCountry "USA"]
[SourceTitle "CBM 207 Extra"]
[Source "ChessBase"]
[SourceDate "2022.05.31"]
[SourceVersion "1"]
[SourceVersionDate "2022.05.31"]
[SourceQuality "1"]

1. e4 c5 2. Nf3 e6 3. d4 cxd4 4. Nxd4 Nc6 5. Nxc6 bxc6 6. Nd2 d5 7. Bd3 Bd6 8. 0-0 Ne7 9. c4 a5 10. Qe2 0-0 11. Nf3 h6 12. e5 Bc7 13. Bf4 Ba6 14. Rac1 a4 15. Rfe1 Rb8 16. Rc2 Rb4 17. h4 Qb8 18. Bc1 Ba5 19. Rd1 Rd8 20. Rf1 Rb7 21. h5 Kf8 22. Rd1 Rb4 23. Rf1 Rb7 24. Rd1 Rbd7 25. c5 Bxd3 26. Qxd3 Kg8 27. Nd4 Qxe5 28. Qa6 Qxh5 29. f3 Bc7 30. Nxc6 Qh2+ 31. Kf2 Bg3+ 32. Ke3 Nxc6 33. Qxc6 Qh5 34. Ke2 Rc7 35. Qb6 Qf5 36. Rc3 d4 37. Rc4 d3+ 38. Kf1 d2 39. Ke2 Qd3# 0-1

[Event "Titled Tuesday intern op 22nd Feb Late"]
[Site "Chess.com INT"]
[Date "2022.02.22"]
[Round "7"]
[White "Sharafiev, Azat"]
[Black "Andreikin, Dmitry"]
[Result "0-1"]
[WhiteElo "2432"]
[BlackElo "2724"]
[PlyCount "48"]
[EventDate "2022.02.22"]
[EventType "swiss (blitz)"]
[EventRounds "11"]
[EventCountry "USA"]
[SourceTitle "CBM 207 Extra"]
[Source "ChessBase"]
[SourceDate "2022.05.31"]
[SourceVersion "1"]
[SourceVersionDate "2022.05.31"]
[SourceQuality "1"]

1. d4 Nf6 2. Nf3 e6 3. Bg5 h6 4. Bh4 d6 5. Nbd2 g5 6. Bg3 Nh5 7. e4 Bg7 8. c3 Nd7 9. Bd3 b6 10. Qe2 a6 11. Nf1 Bb7 12. h4 Qe7 13. Bh2 g4 14. N3d2 Qxh4 15. 0-0-0 Qg5 16. Ne3 g3 17. Nf3 Nf4 18. Qd2 Nxd3+ 19. Qxd3 Qg6 20. Bxg3 Qxe4 21. Qc4 Qc6 22. Qe2 Qb5 23. c4 Qa5 24. Nf5 Qxf5 0-1

[Event "Titled Tuesday intern op 22nd Feb Late"]
[Site "Chess.com INT"]
[Date "2022.02.22"]
[Round "8"]
[White "Sharafiev, Azat"]
[Black "Gracia Alvarez, Gerardo Antonio"]
[Result "1-0"]
[WhiteElo "2432"]
[BlackElo "2237"]
[PlyCount "85"]
[EventDate "2022.02.22"]
[EventType "swiss (blitz)"]
[EventRounds "11"]
[EventCountry "USA"]
[SourceTitle "CBM 207 Extra"]
[Source "ChessBase"]
[SourceDate "2022.05.31"]
[SourceVersion "1"]
[SourceVersionDate "2022.05.31"]
[SourceQuality "1"]

1. d4 Nf6 2. Nf3 g6 3. Ng1 Bg7 4. Nf3 0-0 5. Bg5 c5 6. Nbd2 cxd4 7. Nxd4 d5 8. e3 e5 9. N4f3 h6 10. Bh4 Nc6 11. Be2 Re8 12. Nb3 Be6 13. 0-0 Qb6 14. a4 a5 15. Bb5 Ne4 16. Nfd2 Nd6 17. Be2 Nf5 18. Bg3 Rad8 19. Bb5 Nd6 20. Be2 Nf5 21. Bb5 d4 22. exd4 Nxg3 23. hxg3 exd4 24. Nc4 Qc7 25. Nc5 Bc8 26. Qd2 b6 27. Nd3 Re7 28. Rae1 Rxe1 29. Rxe1 Na7 30. Qf4 Nxb5 31. axb5 Qxc4 32. Re7 Be6 33. Ne5 Bxe5 34. Qxe5 Qd5 35. Qc7 Qd6 36. Re8+ Rxe8 37. Qxd6 Bf5 38. Qxd4 Bxc2 39. Qxb6 a4 40. Qc6 Re1+ 41. Kh2 Be4 42. Qe8+ Kg7 43. f3 1-0

[Event "Titled Tuesday intern op 22nd Feb Late"]
[Site "Chess.com INT"]
[Date "2022.02.22"]
[Round "11"]
[White "Zakhartsov, Vladimir"]
[Black "Sharafiev, Azat"]
[Result "1-0"]
[WhiteElo "2531"]
[BlackElo "2432"]
[PlyCount "127"]
[EventDate "2022.02.22"]
[EventType "swiss (blitz)"]
[EventRounds "11"]
[EventCountry "USA"]
[SourceTitle "CBM 207 Extra"]
[Source "ChessBase"]
[SourceDate "2022.05.31"]
[SourceVersion "1"]
[SourceVersionDate "2022.05.31"]
[SourceQuality "1"]

1. e4 c5 2. Nf3 e6 3. g3 Nc6 4. Bg2 d5 5. exd5 exd5 6. d4 Bg4 7. 0-0 Nxd4 8. Qe1+ Be7 9. Nxd4 cxd4 10. Qe5 Nf6 11. Re1 d3 12. cxd3 Be6 13. Nc3 0-0 14. Bf4 Re8 15. Nb5 Ng4 16. Qc7 g5 17. Qxd8 Rexd8 18. Bc7 Rd7 19. Ba5 Bc5 20. d4 Bb6 21. Bxb6 axb6 22. a3 h6 23. Nc3 Nf6 24. Rac1 Kg7 25. Bf1 Rc7 26. Nb5 Rxc1 27. Rxc1 Rc8 28. Rxc8 Bxc8 29. Nd6 Bd7 30. Nxb7 Ne8 31. b4 Bc6 32. Nd8 Bd7 33. Bg2 Nc7 34. Nb7 Kf6 35. g4 Ke7 36. h3 Bc6 37. Nc5 bxc5 38. dxc5 Kd7 39. Kf1 Ba4 40. Ke2 Kc6 41. Ke3 Nb5 42. f4 Nxa3 43. fxg5 hxg5 44. Kd4 Nc2+ 45. Ke5 Nxb4 46. Kf6 Kxc5 47. Kxg5 d4 48. h4 d3 49. Kf6 Bc6 50. Bf1 d2 51. Be2 Bd5 52. h5 Nc2 53. h6 Nd4 54. Bd1 Be4 55. Kxf7 Kb4 56. Kg7 Ne6+ 57. Kf6 Nf4 58. Kg7 Ne6+ 59. Kf6 Nf4 60. Ke5 Nd3+ 61. Kxe4 Nf2+ 62. Ke3 Nxd1+ 63. Kxd2 Nf2 64. h7 1-0

[Event "EU-Cup Online Final"]
[Site "Tornelo INT"]
[Date "2021.03.31"]
[Round "9.4"]
[White "Kollars, Dmitrij"]
[Black "Sharafiev, Azat"]
[Result "1-0"]
[WhiteElo "2598"]
[BlackElo "2432"]
[PlyCount "59"]
[EventDate "2021.03.30"]
[EventType "team-tourn (rapid)"]
[EventRounds "9"]
[EventCountry "NET"]
[SourceTitle "CBM 201"]
[Source "ChessBase"]
[SourceDate "2021.04.30"]
[SourceVersion "1"]
[SourceVersionDate "2021.04.30"]
[SourceQuality "1"]
[WhiteTeam "Deizisau"]
[BlackTeam "Kazan Ladya"]
[WhiteTeamCountry "GER"]
[BlackTeamCountry "RUS"]

1. e4 e5 2. Nf3 Nc6 3. Bb5 Nf6 4. d3 Bc5 5. Nbd2 0-0 6. c3 d6 7. 0-0 a6 8. Ba4 b5 9. Bc2 Bb6 10. h3 Ne7 11. d4 Ng6 12. Re1 Bb7 13. Nf1 Re8 14. Ng3 h6 15. a4 Qd7 16. Be3 exd4 17. Bxd4 Bxd4 18. cxd4 c5 19. d5 Qc7 20. Qd2 Nd7 21. Nf5 Rab8 22. axb5 axb5 23. Qc3 f6 24. N3d4 b4 25. Qg3 cxd4 26. Qxg6 Ne5 27. Qg3 d3 28. Bxd3 Kf8 29. Rac1 Qd7 30. Bb5 1-0

[Event "EU-Cup Online Final"]
[Site "Tornelo INT"]
[Date "2021.03.30"]
[Round "3.4"]
[White "Cheparinov, Ivan"]
[Black "Sharafiev, Azat"]
[Result "1/2-1/2"]
[WhiteElo "2667"]
[BlackElo "2432"]
[PlyCount "130"]
[EventDate "2021.03.30"]
[EventType "team-tourn (rapid)"]
[EventRounds "9"]
[EventCountry "NET"]
[SourceTitle "CBM 201"]
[Source "ChessBase"]
[SourceDate "2021.04.30"]
[SourceVersion "1"]
[SourceVersionDate "2021.04.30"]
[SourceQuality "1"]
[WhiteTeam "Guildford"]
[BlackTeam "Kazan Ladya"]
[WhiteTeamCountry "ENG"]
[BlackTeamCountry "RUS"]

1. d4 d5 2. c4 c6 3. Nf3 Nf6 4. Nc3 e6 5. Bg5 Nbd7 6. e3 Be7 7. Bd3 0-0 8. 0-0 h6 9. Bh4 dxc4 10. Bxc4 b5 11. Bd3 a6 12. Bxf6 Nxf6 13. Ne4 Bb7 14. Rc1 Qd5 15. Nxf6+ gxf6 16. e4 Qxa2 17. Qd2 Kg7 18. Bb1 Qa4 19. Qf4 Qb4 20. Rc3 Rh8 21. Qc7 Rab8 22. Nh4 Qd6 23. Rg3+ Kf8 24. Qa5 f5 25. Nf3 c5 26. exf5 exf5 27. Bxf5 cxd4 28. Rd1 Bf6 29. Qd2 Rd8 30. h3 b4 31. Bd3 a5 32. Ra1 Ra8 33. Qd1 Rg8 34. Rxg8+ Kxg8 35. Nd2 Bg7 36. Qg4 a4 37. Be4 Bxe4 38. Qxe4 Qa6 39. Nb3 Qa7 40. Nc5 a3 41. bxa3 bxa3 42. Ra2 Rc8 43. Nd3 Qa6 44. g3 Rb8 45. Kg2 Qa8 46. Qxa8 Rxa8 47. Kf3 f5 48. Kf4 Ra5 49. g4 fxg4 50. hxg4 Kf7 51. Ke4 Ke6 52. f4 Kd6 53. g5 hxg5 54. fxg5 Ke7 55. g6 Kf6 56. Kxd4 Kxg6+ 57. Kc4 Bf8 58. Kb3 Rf5 59. Rg2+ Kf7 60. Rf2 Rxf2 61. Nxf2 Ke6 62. Nd3 Kd5 63. Ne1 Ke4 64. Nc2 Kd3 65. Nxa3 Bxa3 1/2-1/2

[Event "EU-Cup Online Final"]
[Site "Tornelo INT"]
[Date "2021.03.30"]
[Round "1.4"]
[White "Sharafiev, Azat"]
[Black "Heinemann, Thies"]
[Result "1-0"]
[WhiteElo "2432"]
[BlackElo "2502"]
[PlyCount "99"]
[EventDate "2021.03.30"]
[EventType "team-tourn (rapid)"]
[EventRounds "9"]
[EventCountry "NET"]
[SourceTitle "CBM 201"]
[Source "ChessBase"]
[SourceDate "2021.04.30"]
[SourceVersion "1"]
[SourceVersionDate "2021.04.30"]
[SourceQuality "1"]
[WhiteTeam "Kazan Ladya"]
[BlackTeam "Hamburger SK"]
[WhiteTeamCountry "RUS"]
[BlackTeamCountry "GER"]

1. d4 Nf6 2. Nf3 e6 3. Bg5 c5 4. e3 b6 5. Bd3 h6 6. Bh4 cxd4 7. exd4 Be7 8. 0-0 0-0 9. Nbd2 Ba6 10. Bxa6 Nxa6 11. a4 Nc7 12. c3 d6 13. Re1 Qd7 14. Qb3 Rfe8 15. h3 Qc6 16. Bg3 a6 17. Ra2 b5 18. Rea1 Reb8 19. axb5 axb5 20. Ne1 Rxa2 21. Rxa2 Ra8 22. Nd3 Rxa2 23. Qxa2 Nfd5 24. Qa7 f5 25. Qa2 Kf7 26. Nf3 Qa8 27. Qxa8 Nxa8 28. Nfe1 Nab6 29. Kf1 g5 30. f3 f4 31. Bf2 Kf6 32. Nc2 Nc4 33. Ke2 Kf5 34. Be1 Bd8 35. b3 Na5 36. Nc1 Nc6 37. c4 bxc4 38. bxc4 Nb6 39. Kd3 d5 40. c5 Nd7 41. Nb4 Nxb4+ 42. Bxb4 Nb8 43. Na2 Bc7 44. Bc3 h5 45. Nb4 g4 46. hxg4+ hxg4 47. c6 Bd6 48. Kc2 Bxb4 49. c7 Bxc3 50. Kxc3 1-0

[Event "EU-Cup Online Final"]
[Site "Tornelo INT"]
[Date "2021.03.30"]
[Round "2.4"]
[White "Sharafiev, Azat"]
[Black "Tomczak, Jacek"]
[Result "0-1"]
[WhiteElo "2432"]
[BlackElo "2610"]
[PlyCount "60"]
[EventDate "2021.03.30"]
[EventType "team-tourn (rapid)"]
[EventRounds "9"]
[EventCountry "NET"]
[SourceTitle "CBM 201"]
[Source "ChessBase"]
[SourceDate "2021.04.30"]
[SourceVersion "1"]
[SourceVersionDate "2021.04.30"]
[SourceQuality "1"]
[WhiteTeam "Kazan Ladya"]
[BlackTeam "Poland Hussars"]
[WhiteTeamCountry "RUS"]
[BlackTeamCountry "POL"]

1. d4 Nf6 2. Nf3 g6 3. Bg5 Bg7 4. Nbd2 0-0 5. c3 d5 6. e3 c5 7. Bd3 b6 8. 0-0 Bb7 9. Qb1 Nbd7 10. a4 Re8 11. b4 c4 12. Bc2 Nh5 13. Re1 Qc7 14. g4 Nhf6 15. Bf4 e5 16. dxe5 Nxg4 17. e6 Nde5 18. h3 Nxf3+ 19. Nxf3 Ne5 20. exf7+ Qxf7 21. Nxe5 Bxe5 22. Bxe5 Rxe5 23. Qd1 Rg5+ 24. Kf1 d4 25. Qxd4 Bg2+ 26. Ke2 Qf3+ 27. Kd2 Rd5 28. Qxd5+ Qxd5+ 29. Kc1 Be4 30. Rd1 Qf5 0-1

[Event "EU-Cup Online Play-A"]
[Site "Tornelo INT"]
[Date "2021.03.29"]
[Round "1.1"]
[White "Heinemann, Thies"]
[Black "Sharafiev, Azat"]
[Result "0-1"]
[WhiteElo "2502"]
[BlackElo "2432"]
[PlyCount "90"]
[EventDate "2021.03.29"]
[EventType "team-tourn (rapid)"]
[EventRounds "5"]
[EventCountry "NET"]
[SourceTitle "CBM 201 Extra"]
[Source "ChessBase"]
[SourceDate "2021.05.31"]
[SourceVersion "1"]
[SourceVersionDate "2021.05.31"]
[SourceQuality "1"]
[WhiteTeam "Hamburger SK"]
[BlackTeam "Kazan Ladya"]
[WhiteTeamCountry "GER"]
[BlackTeamCountry "RUS"]

1. e4 e5 2. Nf3 Nc6 3. Bb5 Nf6 4. Qe2 Bc5 5. d3 d6 6. Nbd2 0-0 7. c3 Ne7 8. d4 exd4 9. cxd4 Bb6 10. d5 Nexd5 11. exd5 c6 12. 0-0 Re8 13. Qd3 cxb5 14. Qxb5 Bg4 15. b3 a6 16. Qd3 Qd7 17. Nc4 Bc5 18. b4 b5 19. bxc5 bxc4 20. Qxc4 Bxf3 21. gxf3 dxc5 22. Qxc5 Qh3 23. Bg5 Re5 24. Bf4 Rxd5 25. Qc6 Rad8 26. Rfe1 Qxf3 27. Bg3 h5 28. Rac1 a5 29. Qc3 Qg4 30. Qc4 Rd4 31. Qe2 h4 32. Qxg4 Rxg4 33. Rc5 hxg3 34. hxg3 a4 35. Re2 Rgd4 36. Ra5 g6 37. Kg2 R8d7 38. Ra6 Kg7 39. Re3 Rc7 40. Ra3 Rcc4 41. Ra7 Nd5 42. Rf3 Rc7 43. Ra5 Nc3 44. a3 Rd2 45. Ra6 Ra2 0-1